| 000 | 00956nam a2200301Ia 4500 | ||
|---|---|---|---|
| 003 | GCL | ||
| 005 | 20240530101756.0 | ||
| 008 | 140319s9999 xx 000 0 ara d | ||
| 040 |
_aGCL / _cGCL |
||
| 082 | 0 | 4 |
_a371.3 _bن ج |
| 100 | 1 | _aنخبة من الاساتذة المتخصصين | |
| 245 | 1 | 0 |
_aالجديد فى تدريس العلوم / _cنخبة من الاساتذة المتخصصين |
| 260 |
_a[S.N] : _bدار نهضة مصر للطبع والنشر ، _c1981 |
||
| 300 | _a264 ص | ||
| 650 | 0 | 4 | _aطرق التدريس |
| 650 | 0 | 4 | _aالتعليم |
| 650 | 0 | 4 | _aالعلوم |
| 650 | 0 | 4 | _aتعليم وتدريس |
| 650 | 0 | 4 | _aالمدارس |
| 650 | 0 | 4 | _aالوسائل التعليمية |
| 650 | 0 | 4 | _aالطلبة |
| 650 | 0 | 4 | _aالتدريب الرياضى |
| 650 | 0 | 4 | _aمناهج |
| 650 | 0 | 4 | _aالتدريب |
| 650 | 0 | 4 | _aالمدرسون |
| 700 | 1 | _aاحمد فؤاد عبدالجواد | |
| 942 |
_2ddc _cBK |
||
| 999 |
_c27645 _d27645 |
||